| 000 | 01538nam a22002775a 4500 | ||
|---|---|---|---|
| 003 | OSt | ||
| 005 | 20160908105915.0 | ||
| 008 | 160908s2010 le frb 000 0 ara d | ||
| 020 | _a9786144010631 | ||
| 040 |
_aEG-ScBUE _bara _cEG-ScBUE |
||
| 043 |
_af-ua--- _an-us--- _ae-uk-en |
||
| 082 | 0 | 4 |
_a343.07 _bإ س م _222 |
| 100 | 1 |
_aإسماعيل، محمد عبد المجيد، _d1967- _941071 |
|
| 245 | 1 | 4 |
_aالقانون العام الاقتصادي والعقد الإداري الدولي الجديد : _bدراسة تأصيلية تحليلية مقارنة لأثر العولمة الثقافية على المتغيرات التشريعية والقضائية والأنماط التعاقدية وفكرة بداية نهاية العقد الإداري : القضاء المصري-القضاء الأنجلوأمريكي-الأعراف الدولية / _cمحمد عبد المجيد إسماعيل. |
| 250 | _aط. 1. | ||
| 260 |
_aبيروت : _bمنشورات الحلبي الحقوقية، _c2010. |
||
| 300 |
_a639 ص. ؛ _c24 سم. |
||
| 504 | _aيشتمل على إرجاعات ببليوجرافية. | ||
| 650 | 7 |
_aالقانون الدولي الاقتصادي . _2BUEsh _941054 |
|
| 650 | 7 |
_aالعقود الإدارية (قانون دولي) _2BUEsh _941076 |
|
| 650 | 7 |
_aالقضاء الإداري _zمصر. _2BUEsh _941077 |
|
| 650 | 7 |
_aالقضاء الإداري _zالولايات المتحدة الأمريكية. _2BUEsh _941078 |
|
| 651 | _2BUEsh | ||
| 653 |
_bLLAAWW _cSeptember2016 |
||
| 942 | _2ddc | ||
| 999 |
_c22338 _d22310 |
||